Posilňovanie úlohy Európskej centrálnej banky v riešení krízy eurozóny

Postavenie ECB ako nezávislého orgánu a jej základná úloha v EMÚ. Činnosť ECB ako dôsledok krízy finančného sektora a dlhovej krízy eurozóny. Predpokladané zvyšovanie úlohy ECB v riešení súčasnej krízy v eurozóne.

Uložené v:
Podrobná bibliografia
Hlavný autor: Lipková, Beata
Médium: Kapitola
Jazyk:Slovak
Predmet:
Tagy: Pridať tag
Žiadne tagy, Buďte prvý, kto otaguje tento záznam!

MARC

LEADER 00000nla a2200000 4500
001 0166755
005 20240502072914.9
041 0 |a slo 
044 |a SK 
245 1 0 |a Posilňovanie úlohy Európskej centrálnej banky v riešení krízy eurozóny  |c Beata Lipková 
520 |a Postavenie ECB ako nezávislého orgánu a jej základná úloha v EMÚ. Činnosť ECB ako dôsledok krízy finančného sektora a dlhovej krízy eurozóny. Predpokladané zvyšovanie úlohy ECB v riešení súčasnej krízy v eurozóne. 
610 2 0 |a eurozóna 
610 2 0 |a kríza 
610 2 0 |a Európska centrálna banka 
100 1 |a Lipková, Beata